Dinar - još jedan most povezivanja sa svetom.

Rozhovor s guvernérom Národnej banky Juhoslávie o konvertibilite dinára, kontrole obeživa, vkladoch obyvateľstva, vnútornej a zahraničnej zadlženosti a o hospodárskej reforme v Juhoslávii. Dinár sa opäť dostal na svetové kurzové listiny. Cesty k prekonaniu zadlženosti podnikov. Štruktúrna prestavba...

Descrizione completa

Salvato in:
Dettagli Bibliografici
Autore principale: Petkovic, M.
Natura: Capitolo di libro
Lingua:serbo
Soggetti:
Tags: Aggiungi Tag
Nessun Tag, puoi essere il primo ad aggiungerne!!

MARC

LEADER 00000naa a2200000 4500
001 r002296
005 20220819193828.1
041 0 |a srp 
044 |a [YU] 
245 1 0 |a Dinar - još jedan most povezivanja sa svetom.  |c M. Petkovic 
520 |a Rozhovor s guvernérom Národnej banky Juhoslávie o konvertibilite dinára, kontrole obeživa, vkladoch obyvateľstva, vnútornej a zahraničnej zadlženosti a o hospodárskej reforme v Juhoslávii. Dinár sa opäť dostal na svetové kurzové listiny. Cesty k prekonaniu zadlženosti podnikov. Štruktúrna prestavba celého hospodárstva - rozhodujúca podmienka uskutočnenia reformy. 
610 2 0 |a dinár 
610 2 0 |a konvertibilita 
610 2 0 |a obeživo 
610 2 0 |a zadlženosť zahraničná 
610 2 0 |a reformy hospodárske 
610 2 0 |a SFRJ 
100 1 |a Petkovic, M.